000 01005nam a22003017a 4500
001 BR9402833
003 BR-BrBNA
005 20230928094148.0
007 ta
008 230509b bl.||||| |||| 00| 0 por d
040 _aBR-BrBNA
_bpor
_cBiblioteca Nacional de Agricultura
041 _a(Por)
072 _aF50
_b3290
090 _ 3290 BR9402833
100 1 _aFlorsheim, S.M.B.
110 1 _aEscola Superior de Agricultura Luiz de Queiroz, Piracicaba, SP (Brasil)
_0Tese (Mestre em Ciencias)
245 1 _aVariacao da estrutura anatomica e densidade basica da madeira de arvores de aroeira Myracrodruon urundeuva F.F M.F. Allemao (Anacardiaceae)
260 3 _aPiracicaba, SP (Brasil):
_c1992.
300 _a251 p.
500 _aSummaries (Eng, Por); Bibliography p. 232-248 (149 ref.)
650 _aAroeira
650 _aMadeira
650 _aEstrutura Vegetal
650 _aAnatomia Vegetal
650 _aDensidade da Madeira
909 _a202309
_bLucia
_c55
_dLucia Elande
942 _cBK
999 _c49171
_d49171